[Event "NEP-ch"]
[Site "Kathmandu"]
[Date "2023.04.21"]
[Round "6"]
[White "Shrestha, Keshav"]
[Black "Silwal, Purushottam"]
[Result "0-1"]
[WhiteElo "1928"]
[BlackElo "1874"]
[PlyCount "51"]
[EventDate "2023.04.18"]
[EventType "tourn"]
[EventRounds "9"]
[EventCountry "NEP"]
[SourceTitle "EXT 2024"]
[Source "ChessBase"]
[SourceDate "2023.10.10"]
[SourceVersion "1"]
[SourceVersionDate "2023.10.10"]
[SourceQuality "1"]

1. e4 c5 2. Nc3 Nc6 3. f4 g6 4. Nf3 Bg7 5. Bb5 Nd4 6. a4 a6 7. Bc4 e6 8. d3 Ne7 9. 0-0 0-0 10. Kh1 d5 11. Ba2 b5 12. Bb1 b4 13. Ne2 Nxf3 14. gxf3 Bb7 15. c3 bxc3 16. bxc3 dxe4 17. fxe4 f5 18. Be3 c4 19. dxc4 fxe4 20. Nd4 Nf5 21. Qe1 Nxe3 22. Qxe3 e5 23. Ne6 exf4 24. Nxd8 fxe3 25. Rf2 Rf7 26. Rxf7 0-1

[Event "NEP-ch"]
[Site "Kathmandu"]
[Date "2023.04.20"]
[Round "3"]
[White "Bhandari, Kshitiz"]
[Black "Shrestha, Keshav"]
[Result "1-0"]
[WhiteElo "2031"]
[BlackElo "1928"]
[PlyCount "81"]
[EventDate "2023.04.18"]
[EventType "tourn"]
[EventRounds "9"]
[EventCountry "NEP"]
[SourceTitle "EXT 2024"]
[Source "ChessBase"]
[SourceDate "2023.10.10"]
[SourceVersion "1"]
[SourceVersionDate "2023.10.10"]
[SourceQuality "1"]

1. d4 d5 2. Nf3 Nf6 3. c4 c6 4. Nc3 dxc4 5. a4 Bf5 6. e3 e6 7. Bxc4 Bb4 8. 0-0 Nbd7 9. Qe2 Bg6 10. Rd1 0-0 11. Ne5 Qa5 12. Nxg6 hxg6 13. Bd2 Rfe8 14. Bb3 Rad8 15. Be1 Qh5 16. f3 g5 17. e4 e5 18. d5 g4 19. dxc6 bxc6 20. fxg4 Nxg4 21. h3 Bc5+ 22. Kh1 Ndf6 23. Rxd8 Rxd8 24. Rd1 Rb8 25. Bxf7+ Qxf7 26. hxg4 g5 27. Rd3 Kg7 28. Rf3 Qe6 29. Bf2 Bxf2 30. Qxf2 Rb7 31. Rf5 Kg6 32. Qd2 Nh7 33. Ne2 Rd7 34. Qe3 Rd1+ 35. Kh2 Qd7 36. Ng3 Qd4 37. Qb3 Nf6 38. Qe6 Qd8 39. Nh5 Rd6 40. Rxf6+ Qxf6 41. Qg8+ 1-0

[Event "NEP-ch"]
[Site "Kathmandu"]
[Date "2023.04.18"]
[Round "1"]
[White "Lama, Surbir"]
[Black "Shrestha, Keshav"]
[Result "1-0"]
[WhiteElo "1993"]
[BlackElo "1928"]
[PlyCount "101"]
[EventDate "2023.04.18"]
[EventType "tourn"]
[EventRounds "9"]
[EventCountry "NEP"]
[SourceTitle "EXT 2024"]
[Source "ChessBase"]
[SourceDate "2023.10.10"]
[SourceVersion "1"]
[SourceVersionDate "2023.10.10"]
[SourceQuality "1"]

1. Nf3 d5 2. e3 Nf6 3. c4 e6 4. Nc3 Be7 5. d4 0-0 6. Bd2 b6 7. cxd5 exd5 8. Rc1 c5 9. Bd3 Nc6 10. h3 Be6 11. 0-0 h6 12. Re1 Rc8 13. a3 Re8 14. Ba6 Rb8 15. Bb5 Bd7 16. Ne5 Nxe5 17. dxe5 Ne4 18. Bd3 Nxd2 19. Qxd2 Bc6 20. Bb1 Bf8 21. f4 Qd7 22. Kh2 Rbd8 23. Rcd1 Qb7 24. Qc2 g6 25. Rd2 Bg7 26. Red1 Rd7 27. Ba2 Red8 28. e6 Rd6 29. e4 fxe6 30. e5 R6d7 31. Qxg6 Re7 32. Ne4 Be8 33. Qg3 Kh8 34. Qh4 Bg6 35. Nd6 Qc7 36. Qg4 Bh7 37. Bb1 Bxb1 38. Rxb1 Rg8 39. Qh4 Kh7 40. Rf1 a6 41. Rf3 Bf8 42. Qh5 Bg7 43. Rg3 Rf8 44. Rf2 b5 45. Rff3 Qa5 46. f5 exf5 47. Nxf5 Rxf5 48. Rxf5 Qe1 49. Qg6+ Kg8 50. Qd6 Ra7 51. Qb8+ 1-0

[Event "NEP-chB"]
[Site "Bhaktapur"]
[Date "2023.02.04"]
[Round "1"]
[White "Khadka, Govinda"]
[Black "Shrestha, Keshav"]
[Result "0-1"]
[WhiteElo "1609"]
[BlackElo "1913"]
[PlyCount "53"]
[EventDate "2023.02.04"]
[EventType "swiss"]
[EventRounds "9"]
[EventCountry "NEP"]
[SourceTitle "EXT 2024"]
[Source "ChessBase"]
[SourceDate "2023.10.10"]
[SourceVersion "1"]
[SourceVersionDate "2023.10.10"]
[SourceQuality "1"]

1. e4 e5 2. Nf3 Nc6 3. Be2 Nf6 4. Nc3 d5 5. exd5 Nxd5 6. d3 Be6 7. Nxd5 Qxd5 8. Be3 Bb4+ 9. c3 Be7 10. 0-0 Rd8 11. Qa4 0-0 12. Ng5 Bxg5 13. Bxg5 f6 14. Be3 Qd7 15. Qh4 Ne7 16. Bc5 Ng6 17. Qg3 Nf4 18. Qe3 Rfe8 19. Rfd1 Qc6 20. Bf1 Nd5 21. Qg3 Qxc5 22. Re1 Qb6 23. Re2 Nf4 24. Rd2 Ng6 25. Kh1 c5 26. h4 Nf4 27. b3 0-1

[Event "Sheikh Kamal Online Inv"]
[Site "Tornelo INT"]
[Date "2021.08.27"]
[Round "2"]
[White "Shrestha, Keshav"]
[Black "Wadifa, Ahmed"]
[Result "1-0"]
[WhiteElo "1967"]
[BlackElo "1724"]
[PlyCount "173"]
[EventDate "2021.08.27"]
[EventType "tourn (rapid)"]
[EventRounds "9"]
[EventCountry "BAN"]
[SourceTitle "CBM 204 Extra"]
[Source "ChessBase"]
[SourceDate "2021.11.30"]
[SourceVersion "1"]
[SourceVersionDate "2021.11.30"]
[SourceQuality "1"]

1. e4 c5 2. Nc3 e6 3. f4 d6 4. Nf3 Nc6 5. Bb5 Bd7 6. 0-0 a6 7. Bxc6 Bxc6 8. d3 Nf6 9. Qe1 Be7 10. Qg3 0-0 11. Bd2 Re8 12. Kh1 Bf8 13. Rae1 b5 14. Ne2 g6 15. e5 dxe5 16. fxe5 Nd5 17. Ng5 Ra7 18. Qh3 h5 19. Ne4 Bg7 20. Bg5 Qb8 21. Qg3 Qxe5 22. Qh3 Qb8 23. Nxc5 Qb6 24. Ne4 Nb4 25. c3 Bxe4 26. dxe4 Nc6 27. Rd1 Rb7 28. Rd6 Qc7 29. Rd2 b4 30. Rfd1 Qc8 31. c4 Ne5 32. b3 Ng4 33. Qf3 Ne5 34. Qg3 Qc6 35. Qf4 Rd7 36. Rxd7 Nxd7 37. Qe3 Nc5 38. e5 Nd7 39. Bf4 Qc7 40. Rd6 a5 41. h3 Nb8 42. Nd4 Rd8 43. Nb5 Qc8 44. Qa7 Nc6 45. Qc5 Rxd6 46. Nxd6 Qa8 47. Nb5 Qb7 48. Qd6 Bf8 49. Qd3 Bg7 50. Qe4 Qb6 51. Nd6 Qc7 52. c5 Qd7 53. Kh2 Qc7 54. h4 Qd7 55. Kh3 Qc7 56. Qe3 Ne7 57. Qd4 Nd5 58. Bg3 Ne7 59. Qf4 Nd5 60. Qf2 Qd7 61. Qd4 Qc6 62. Qc4 Qc7 63. Qb5 Nc3 64. Qb6 Nd5 65. Qxc7 Nxc7 66. Nb7 Kf8 67. Nxa5 Ke7 68. Nc6+ Kd7 69. Nxb4 Nd5 70. Nxd5 exd5 71. b4 Kc6 72. a4 d4 73. Bf2 Bxe5 74. g4 hxg4+ 75. Kxg4 d3 76. b5+ Kc7 77. Be1 Bd4 78. Kf3 Bxc5 79. Ke4 Be7 80. Kxd3 g5 81. h5 f5 82. h6 Bf6 83. h7 g4 84. Bc3 g3 85. Bxf6 g2 86. Bd4 f4 87. h8Q 1-0

[Event "Asia Nations online Cup"]
[Site "Chess.com INT"]
[Date "2020.10.16"]
[Round "4.5"]
[White "Tin, Jingyao"]
[Black "Shrestha, Keshav"]
[Result "1-0"]
[WhiteElo "2464"]
[BlackElo "2035"]
[PlyCount "75"]
[EventDate "2020.10.10"]
[EventType "team-swiss (rapid)"]
[EventRounds "9"]
[EventCountry "IND"]
[SourceTitle "CBM 198 Extra"]
[Source "ChessBase"]
[SourceDate "2020.11.30"]
[SourceVersion "1"]
[SourceVersionDate "2020.11.30"]
[SourceQuality "1"]
[WhiteTeam "Singapore"]
[BlackTeam "Nepal"]
[WhiteTeamCountry "SIN"]
[BlackTeamCountry "NEP"]

1. d4 Nf6 2. c4 e5 3. dxe5 Ng4 4. e3 Nxe5 5. Nh3 Nbc6 6. Nf4 Bb4+ 7. Bd2 Bxd2+ 8. Qxd2 0-0 9. Nc3 d6 10. Be2 b6 11. 0-0 Bb7 12. Rfd1 Ne7 13. b4 a5 14. a3 Qd7 15. Nb5 axb4 16. axb4 Rxa1 17. Rxa1 Ra8 18. Rxa8+ Bxa8 19. Qa2 Bb7 20. Qa7 Qc8 21. h3 g6 22. Qa3 h5 23. Qc3 Qd8 24. Qd2 Bc6 25. Nd4 Bd7 26. Nd5 Nxd5 27. cxd5 f5 28. f4 Nf7 29. Ne6 Qc8 30. Bc4 b5 31. Bb3 c5 32. Qc3 Bxe6 33. dxe6 Nh6 34. Qf6 Kh7 35. Qe7+ Kh8 36. Qd7 Qa8 37. e7 Qa1+ 38. Kh2 1-0

[Event "Asia Nations online Cup"]
[Site "Chess.com INT"]
[Date "2020.10.10"]
[Round "2.9"]
[White "Bilguun, Sumiya"]
[Black "Shrestha, Keshav"]
[Result "1-0"]
[WhiteElo "2454"]
[BlackElo "2035"]
[PlyCount "93"]
[EventDate "2020.10.10"]
[EventType "team-swiss (rapid)"]
[EventRounds "9"]
[EventCountry "IND"]
[SourceTitle "CBM 198 Extra"]
[Source "ChessBase"]
[SourceDate "2020.11.30"]
[SourceVersion "1"]
[SourceVersionDate "2020.11.30"]
[SourceQuality "1"]
[WhiteTeam "Mongolia"]
[BlackTeam "Nepal"]
[WhiteTeamCountry "MGL"]
[BlackTeamCountry "NEP"]

1. e4 e5 2. Nf3 Nc6 3. Bc4 Bc5 4. 0-0 Nf6 5. d3 d6 6. a4 Be6 7. b3 a6 8. c3 d5 9. exd5 Nxd5 10. Ng5 0-0 11. b4 Bb6 12. Qh5 Nf6 13. Nxe6 Nxh5 14. Nxd8 Raxd8 15. Bg5 Rd7 16. Nd2 h6 17. Be3 Bxe3 18. fxe3 Nf6 19. Nb3 Nd8 20. Nc5 Rd6 21. e4 Nd7 22. a5 Nxc5 23. bxc5 Rc6 24. d4 Rg6 25. d5 Rg4 26. Rae1 Re8 27. h3 Rf4 28. Rxf4 exf4 29. e5 c6 30. d6 Ne6 31. Bxe6 fxe6 32. Rb1 Rb8 33. d7 Kf7 34. Rxb7 Rd8 35. Kf2 Ke7 36. Kf3 Rxd7 37. Rb6 Rd3+ 38. Kxf4 Rxc3 39. Rxc6 g6 40. Rxa6 Rc4+ 41. Ke3 Rxc5 42. Ra7+ Kf8 43. Kd4 Rc2 44. a6 Ra2 45. Kc5 Rxg2 46. Rb7 Ra2 47. a7 1-0

[Event "Asian Cities-chT"]
[Site "Dhaka"]
[Date "2019.07.16"]
[Round "8.6"]
[White "Alahakoon, Isuru"]
[Black "Shrestha, Keshav"]
[Result "1-0"]
[WhiteElo "2099"]
[BlackElo "2050"]
[PlyCount "89"]
[EventDate "2019.07.10"]
[EventType "team-swiss"]
[EventRounds "9"]
[EventCountry "BAN"]
[SourceTitle "EXT 2020"]
[Source "ChessBase"]
[SourceDate "2019.10.17"]
[SourceVersion "1"]
[SourceVersionDate "2019.10.17"]
[SourceQuality "1"]
[WhiteTeam "Colombo"]
[BlackTeam "Lalithpur"]
[WhiteTeamCountry "SRI"]
[BlackTeamCountry "NEP"]

1. Nf3 d5 2. e3 Nf6 3. c4 c6 4. d4 Bf5 5. cxd5 cxd5 6. Nc3 e6 7. Ne5 Nbd7 8. g4 Bg6 9. h4 h6 10. Nxg6 fxg6 11. Bd3 Kf7 12. Qf3 Bb4 13. g5 hxg5 14. hxg5 Rxh1+ 15. Qxh1 Ne4 16. Qf3+ Kg8 17. Bxe4 dxe4 18. Qxe4 Nf8 19. f4 Qd7 20. Bd2 Rc8 21. 0-0-0 a5 22. Kb1 Qf7 23. Nb5 Qd7 24. Bxb4 axb4 25. Qd3 Ra8 26. d5 Rc8 27. dxe6 Qxd3+ 28. Rxd3 Nxe6 29. Nd6 Rd8 30. Rd2 Kf8 31. Kc2 Nc5 32. Nc4 Rc8 33. Kd1 Ra8 34. Rd5 Ne4 35. Re5 Rd8+ 36. Ke2 Ng3+ 37. Kf3 Nf1 38. Rb5 Rc8 39. Ne5 Rc2 40. Rxb4 Rc7 41. Nxg6+ Kf7 42. Ne5+ Ke6 43. Kf2 Nd2 44. Ke2 Nb1 45. Rc4 1-0

[Event "Asia zt 3.2"]
[Site "Dhaka"]
[Date "2019.03.23"]
[Round "9"]
[White "Shrestha, Keshav"]
[Black "Abu Sufian, Sakil"]
[Result "1/2-1/2"]
[WhiteElo "2044"]
[BlackElo "2254"]
[PlyCount "69"]
[EventDate "2019.03.15"]
[EventType "swiss"]
[EventRounds "9"]
[EventCountry "BAN"]
[SourceTitle "CBM 189 Extra"]
[Source "ChessBase"]
[SourceDate "2019.06.03"]
[SourceVersion "1"]
[SourceVersionDate "2019.06.03"]
[SourceQuality "1"]

1. e4 c6 2. d4 d5 3. exd5 cxd5 4. Bd3 Nc6 5. c3 Qc7 6. Ne2 Bg4 7. f3 Bd7 8. Na3 a6 9. Nc2 e5 10. dxe5 Nxe5 11. Ncd4 Nxd3+ 12. Qxd3 Bd6 13. g3 Qc4 14. Qxc4 dxc4 15. Bf4 Bc5 16. 0-0-0 Ne7 17. Rhe1 0-0-0 18. Nc2 Ba4 19. Ned4 Ng6 20. Re4 Rhe8 21. Rde1 Rxe4 22. Rxe4 Bd7 23. Bd2 Re8 24. Rxe8+ Bxe8 25. Nf5 Ne5 26. Nxg7 Bc6 27. Ne1 Nxf3 28. Nxf3 Bxf3 29. Nf5 Kd7 30. Be3 Bf8 31. Kd2 Bg4 32. Bh6 Bc5 33. Be3 Bf8 34. Bh6 Bc5 35. Be3 1/2-1/2

[Event "Asia zt 3.2"]
[Site "Dhaka"]
[Date "2019.03.18"]
[Round "4"]
[White "Rahman, Md Taibur"]
[Black "Shrestha, Keshav"]
[Result "1-0"]
[WhiteElo "2226"]
[BlackElo "2044"]
[PlyCount "129"]
[EventDate "2019.03.15"]
[EventType "swiss"]
[EventRounds "9"]
[EventCountry "BAN"]
[SourceTitle "CBM 189 Extra"]
[Source "ChessBase"]
[SourceDate "2019.06.03"]
[SourceVersion "1"]
[SourceVersionDate "2019.06.03"]
[SourceQuality "1"]

1. d4 d5 2. c4 c6 3. Nf3 Nf6 4. Nc3 dxc4 5. a4 Bf5 6. e3 e6 7. Bxc4 Nbd7 8. 0-0 Bb4 9. Qe2 Bg6 10. Bd3 Bh5 11. h3 0-0 12. e4 a5 13. e5 Nd5 14. Nxd5 cxd5 15. Qe3 Nb8 16. Ng5 Bg6 17. Bxg6 hxg6 18. Bd2 Be7 19. Qg3 Nc6 20. Nf3 Rc8 21. Rfd1 Qb6 22. Bg5 Qc7 23. Qh4 f6 24. exf6 gxf6 25. Bh6 Rfe8 26. Qg4 Qd7 27. Bf4 Bd6 28. Bxd6 Qxd6 29. Re1 Ne7 30. Re2 Nf5 31. Rae1 Rc6 32. h4 Ng7 33. Re3 Qc7 34. Nh2 Rc1 35. g3 Rxe1+ 36. Rxe1 Qd7 37. Qf4 Rc8 38. Ng4 Nf5 39. Nh6+ Kg7 40. Ng4 Kf7 41. Kg2 Rc4 42. Nh6+ Kg7 43. b3 Rc6 44. Nxf5+ gxf5 45. Re3 Qd6 46. Qf3 Kg6 47. g4 f4 48. g5 e5 49. Re1 e4 50. Qg4 f3+ 51. Kh3 Qe6 52. h5+ Kg7 53. g6 Qxg4+ 54. Kxg4 Rc8 55. Kf5 Rh8 56. Rf1 e3 57. fxe3 f2 58. Kg4 Re8 59. Kf3 Kh6 60. Kxf2 f5 61. Kf3 Kg5 62. g7 Kh6 63. Rg1 Rg8 64. Kf4 Kxh5 65. Kxf5 1-0

[Event "Asia zt 3.2"]
[Site "Dhaka"]
[Date "2019.03.16"]
[Round "2"]
[White "Nasir, Hasan"]
[Black "Shrestha, Keshav"]
[Result "0-1"]
[WhiteElo "1865"]
[BlackElo "2044"]
[PlyCount "66"]
[EventDate "2019.03.15"]
[EventType "swiss"]
[EventRounds "9"]
[EventCountry "BAN"]
[SourceTitle "CBM 189 Extra"]
[Source "ChessBase"]
[SourceDate "2019.06.03"]
[SourceVersion "1"]
[SourceVersionDate "2019.06.03"]
[SourceQuality "1"]

1. d4 d5 2. c4 c6 3. Nf3 Nf6 4. Nc3 dxc4 5. a4 Bf5 6. e3 e6 7. Bxc4 Bb4 8. 0-0 Nbd7 9. h3 a5 10. Bd3 Bxd3 11. Qxd3 0-0 12. e4 Bxc3 13. bxc3 Nc5 14. Qc2 Ncxe4 15. Rb1 Ra7 16. Re1 Nd6 17. Ba3 Re8 18. Bc5 Ra8 19. Bxd6 Qxd6 20. Rxb7 Rab8 21. Reb1 Rxb7 22. Rxb7 c5 23. Rb5 cxd4 24. cxd4 Ra8 25. Qd2 Qc7 26. Rc5 Qd8 27. Qc2 h6 28. Qc4 Nd5 29. Ne5 Rb8 30. g3 Nb6 31. Qc1 Ra8 32. Qd1 Nd7 33. Qf3 Nf6 0-1

[Event "Olympiad-42"]
[Site "Baku"]
[Date "2016.09.12"]
[Round "10.1"]
[White "Shrestha, Keshav"]
[Black "Song, Raymond"]
[Result "0-1"]
[WhiteElo "2099"]
[BlackElo "2170"]
[PlyCount "104"]
[EventDate "2016.09.02"]
[EventType "team-swiss"]
[EventRounds "11"]
[EventCountry "AZE"]
[SourceTitle "CBM 175"]
[Source "ChessBase"]
[SourceDate "2016.11.10"]
[SourceVersion "1"]
[SourceVersionDate "2016.11.10"]
[SourceQuality "1"]
[WhiteTeam "Nepal"]
[BlackTeam "Chinese Taipei"]
[WhiteTeamCountry "NEP"]
[BlackTeamCountry "TPE"]

1. e4 c5 2. Nc3 e6 3. Nf3 Nf6 4. d4 cxd4 5. Nxd4 Bb4 6. Bd3 e5 7. Nf5 0-0 8. 0-0 Bxc3 9. bxc3 d5 10. Qf3 dxe4 11. Bxe4 Nxe4 12. Qxe4 Bxf5 13. Qxf5 Nc6 14. Rb1 b6 15. Bg5 Qc8 16. Qf3 Qe6 17. Rfe1 Rac8 18. a4 Qg6 19. h4 h6 20. Be3 Qxc2 21. Rec1 Qxa4 22. Qg3 Kh8 23. Ra1 Qe4 24. Re1 Qc4 25. Rec1 f5 26. f4 e4 27. Kh2 Rfd8 28. Qg6 Qe2 29. Re1 Qg4 30. Qxg4 fxg4 31. Ra4 Kg8 32. Rxe4 h5 33. Bd4 Kf7 34. f5 Re8 35. Re6 Nxd4 36. cxd4 Rxe6 37. fxe6+ Ke7 38. d5 Kd6 39. Rd1 a5 40. Kg3 a4 41. Kf4 a3 42. Rb1 Kxd5 43. Rxb6 Ra8 44. e7 a2 45. e8Q Rxe8 46. Ra6 Re2 47. g3 Kc4 48. Ra7 Kb3 49. Kg5 Re4 50. Rxa2 Kxa2 51. Kxh5 Kb3 52. Kg6 Re3 0-1

[Event "Olympiad-42"]
[Site "Baku"]
[Date "2016.09.06"]
[Round "5.1"]
[White "Pace, Colin"]
[Black "Shrestha, Keshav"]
[Result "1-0"]
[WhiteElo "2172"]
[BlackElo "2099"]
[PlyCount "139"]
[EventDate "2016.09.02"]
[EventType "team-swiss"]
[EventRounds "11"]
[EventCountry "AZE"]
[SourceTitle "CBM 175"]
[Source "ChessBase"]
[SourceDate "2016.11.10"]
[SourceVersion "1"]
[SourceVersionDate "2016.11.10"]
[SourceQuality "1"]
[WhiteTeam "Malta"]
[BlackTeam "Nepal"]
[WhiteTeamCountry "MLT"]
[BlackTeamCountry "NEP"]

1. e4 e5 2. Nf3 Nc6 3. Bc4 Nf6 4. d3 Bc5 5. c3 d6 6. 0-0 Bb6 7. h3 h6 8. Re1 0-0 9. Nbd2 a6 10. Bb3 Be6 11. Bc2 Ne7 12. d4 Ng6 13. Nf1 c6 14. Ng3 Bc7 15. Nf5 Nh7 16. Nh2 Bxf5 17. exf5 Nf4 18. g3 Nd5 19. Ng4 exd4 20. Qxd4 Ndf6 21. Be3 Nxg4 22. hxg4 d5 23. Kg2 Re8 24. Qd2 Qf6 25. Bd4 Qg5 26. Qxg5 Nxg5 27. f6 Ne6 28. Be3 Ng5 29. Rh1 gxf6 30. Rxh6 Kg7 31. Rh5 Rh8 32. Bd4 Rxh5 33. gxh5 Be5 34. Be3 Ne6 35. f4 Bd6 36. Kf3 Bc5 37. Bd2 Rh8 38. g4 d4 39. Rd1 Rd8 40. Be1 Bb6 41. Bh4 dxc3 42. Rxd8 Bxd8 43. bxc3 b5 44. Bf2 c5 45. Ke4 Ba5 46. Be1 c4 47. Bd2 Bc7 48. g5 fxg5 49. fxg5 a5 50. h6+ Kg8 51. Kf5 Nf8 52. a4 bxa4 53. Bxa4 Ng6 54. Bb5 Ne7+ 55. Ke4 Bd8 56. Bxc4 a4 57. Bc1 Ng6 58. Kf5 Nh4+ 59. Kg4 Ng6 60. Bb5 Ba5 61. c4 Bb4 62. Bxa4 Ne5+ 63. Kf5 Nxc4 64. Bb3 Nd6+ 65. Ke5 Kf8 66. Bb2 Ne8 67. Bc2 Kg8 68. Kd5 f6 69. gxf6 Kf7 70. h7 1-0

[Event "Asian Continental op 14th"]
[Site "Al Ain"]
[Date "2015.08.08"]
[Round "7"]
[White "Asgarizadeh, Ahmad"]
[Black "Shrestha, Keshav"]
[Result "1-0"]
[WhiteElo "2407"]
[BlackElo "2118"]
[PlyCount "91"]
[EventDate "2015.08.02"]
[EventType "swiss"]
[EventRounds "9"]
[EventCountry "UAE"]
[SourceTitle "CBM 168"]
[Source "ChessBase"]
[SourceDate "2015.09.14"]
[SourceVersion "1"]
[SourceVersionDate "2015.09.14"]
[SourceQuality "1"]

1. e4 e5 2. Nf3 Nc6 3. Bb5 f5 4. Nc3 fxe4 5. Nxe4 d5 6. Nxe5 dxe4 7. Nxc6 Qg5 8. Qe2 Nf6 9. Nxa7+ Kd8 10. Nxc8 Qxg2 11. Qf1 Qxf1+ 12. Bxf1 Kxc8 13. d3 exd3 14. Bxd3 Bd6 15. Bd2 Rf8 16. h3 g6 17. Bh6 Re8+ 18. Kd2 Nh5 19. Be3 Ra5 20. a3 Be5 21. b4 Rd5 22. Rad1 Nf6 23. c4 Rd7 24. Kc2 Nh5 25. Be2 Rxd1 26. Rxd1 Nf4 27. Bf3 h5 28. h4 Rf8 29. Be4 Rf6 30. Rg1 c6 31. a4 Kd7 32. a5 Bc7 33. Kb3 Ke7 34. Ra1 Re6 35. Bh1 Kf6 36. a6 bxa6 37. Rxa6 g5 38. hxg5+ Kxg5 39. Rxc6 Rxc6 40. Bxc6 Kf5 41. b5 Ke5 42. c5 Nd5 43. b6 Bb8 44. Kc4 Nxe3+ 45. fxe3 h4 46. Bg2 1-0

[Event "Asian Continental op 14th"]
[Site "Al Ain"]
[Date "2015.08.02"]
[Round "1"]
[White "Debashis, Das"]
[Black "Shrestha, Keshav"]
[Result "1/2-1/2"]
[WhiteElo "2489"]
[BlackElo "2118"]
[PlyCount "104"]
[EventDate "2015.08.02"]
[EventType "swiss"]
[EventRounds "9"]
[EventCountry "UAE"]
[SourceTitle "CBM 168"]
[Source "ChessBase"]
[SourceDate "2015.09.14"]
[SourceVersion "1"]
[SourceVersionDate "2015.09.14"]
[SourceQuality "1"]

1. e4 e5 2. Nf3 Nc6 3. Bb5 a6 4. Ba4 Nf6 5. 0-0 Be7 6. d3 b5 7. Bb3 d6 8. a3 0-0 9. Nc3 Na5 10. Ba2 c5 11. Bg5 Be6 12. Bxf6 Bxf6 13. Nd5 Nc6 14. a4 b4 15. Bc4 Na5 16. Qd2 Nc6 17. c3 a5 18. cxb4 Nxb4 19. Nxb4 axb4 20. Bxe6 fxe6 21. Qc2 Qd7 22. Nd2 Bg5 23. Nc4 Ra7 24. Qe2 Bh6 25. b3 Qc6 26. Ra2 Rf6 27. g3 Raf7 28. Kg2 Qa6 29. a5 Ra7 30. Qh5 Raf7 31. Qe2 Ra7 32. Qc2 g6 33. Qd1 Bf8 34. h4 h5 35. Qc2 Raf7 36. Nb6 d5 37. Kg1 Qb7 38. Qe2 Bd6 39. Qe3 Qc6 40. Rc1 Kh7 41. Kg2 c4 42. dxc4 dxe4 43. c5 Bf8 44. Rc4 Rf3 45. Qxe4 Qxe4 46. Rxe4 Bxc5 47. Ree2 Rxb3 48. Nc4 Bd4 49. Nxe5 Bxe5 50. Rxe5 Ra7 51. a6 Kg7 52. Rb5 Kf6 1/2-1/2

[Event "Olympiad-40"]
[Site "Istanbul"]
[Date "2012.09.03"]
[Round "6.3"]
[White "Li, Hui"]
[Black "Shrestha, Keshav"]
[Result "0-1"]
[WhiteElo "1958"]
[BlackElo "2127"]
[PlyCount "224"]
[EventDate "2012.08.28"]
[EventType "team-swiss"]
[EventRounds "11"]
[EventCountry "TUR"]
[SourceTitle "CBM 151"]
[Source "ChessBase"]
[SourceDate "2012.11.13"]
[SourceVersion "1"]
[SourceVersionDate "2012.11.13"]
[SourceQuality "1"]
[WhiteTeam "Macau"]
[BlackTeam "Nepal"]
[WhiteTeamCountry "MAC"]
[BlackTeamCountry "NEP"]

1. e4 e5 2. Nf3 Nc6 3. Bb5 a6 4. Ba4 Nf6 5. 0-0 Be7 6. Re1 b5 7. Bb3 d6 8. c3 0-0 9. h3 Nb8 10. d4 Nbd7 11. Nbd2 Bb7 12. Bc2 Re8 13. Nf1 Bf8 14. Ng3 g6 15. a4 c5 16. d5 c4 17. Bg5 h6 18. Be3 Nc5 19. Qe2 Nfd7 20. Ra3 Qc7 21. Rea1 Bg7 22. h4 h5 23. Nf1 Nf6 24. Bg5 Ng4 25. N3h2 Nxh2 26. Kxh2 Qd7 27. Nd2 Rab8 28. axb5 axb5 29. f3 Ra8 30. Qd1 Rxa3 31. Rxa3 Kh7 32. Qa1 Bh6 33. Bxh6 Kxh6 34. Ra5 Rg8 35. b4 cxb3 36. Nxb3 Nxb3 37. Bxb3 Kh7 38. Qf1 Qd8 39. Qxb5 Qxh4+ 40. Kg1 Qe1+ 41. Kh2 Bc8 42. Qc6 h4 43. Qc4 Qg3+ 44. Kg1 h3 45. Qe2 Kg7 46. Ra2 hxg2 47. Qxg2 Qe1+ 48. Qf1 Qxc3 49. Bd1 Qd4+ 50. Rf2 Bd7 51. Qe2 Ra8 52. Kg2 Rh8 53. Qd2 Qa1 54. f4 Ba4 55. Rf1 Bxd1 56. Rxd1 Qa3 57. Qd3 Qxd3 58. Rxd3 exf4 59. Ra3 g5 60. Ra6 Rd8 61. Kf3 Kf6 62. Rb6 Rd7 63. Kg4 Ke5 64. Kxg5 Kxe4 65. Rb4+ Ke5 66. Rxf4 f6+ 67. Kg4 Rg7+ 68. Kf3 f5 69. Ra4 Rc7 70. Ke3 Rc3+ 71. Kd2 Rc5 72. Ra8 Ke4 73. Re8+ Kf3 74. Re3+ Kf4 75. Rd3 Ra5 76. Ke2 Ra2+ 77. Ke1 Ke4 78. Rb3 f4 79. Rb4+ Ke3 80. Rb3+ Ke4 81. Rb4+ Ke5 82. Kf1 Rd2 83. Ke1 Rd3 84. Ke2 Re3+ 85. Kf2 Re4 86. Rb8 Kxd5 87. Kf3 Re7 88. Kxf4 Kd4 89. Rb4+ Kc3 90. Rb5 Kc4 91. Rb1 d5 92. Rc1+ Kd4 93. Rd1+ Kc5 94. Rc1+ Kd6 95. Rd1 Re4+ 96. Kf3 Ke5 97. Ra1 Kd6 98. Rd1 Re8 99. Kf2 Kc5 100. Rc1+ Kb4 101. Rd1 Kc4 102. Rc1+ Kb3 103. Rd1 Re5 104. Rd4 Kc3 105. Ra4 d4 106. Ra8 d3 107. Rc8+ Kd2 108. Rd8 Rf5+ 109. Kg2 Ke2 110. Re8+ Kd1 111. Rd8 d2 112. Kg1 Rc5 0-1

[Event "Olympiad-40"]
[Site "Istanbul"]
[Date "2012.08.29"]
[Round "2.3"]
[White "Garbett, Paul Anthony"]
[Black "Shrestha, Keshav"]
[Result "0-1"]
[WhiteElo "2276"]
[BlackElo "2127"]
[PlyCount "130"]
[EventDate "2012.08.28"]
[EventType "team-swiss"]
[EventRounds "11"]
[EventCountry "TUR"]
[SourceTitle "CBM 151"]
[Source "ChessBase"]
[SourceDate "2012.11.13"]
[SourceVersion "1"]
[SourceVersionDate "2012.11.13"]
[SourceQuality "1"]
[WhiteTeam "New Zealand"]
[BlackTeam "Nepal"]
[WhiteTeamCountry "NZL"]
[BlackTeamCountry "NEP"]

1. e4 e5 2. Nf3 Nc6 3. Bb5 a6 4. Ba4 Nf6 5. 0-0 Be7 6. d3 b5 7. Bb3 d6 8. a4 Bb7 9. Bd2 b4 10. a5 0-0 11. c4 bxc3 12. Nxc3 Rb8 13. Nd5 Na7 14. Nxe7+ Qxe7 15. Bc4 Bc8 16. b4 Nb5 17. h3 h6 18. Re1 Re8 19. Rc1 Be6 20. Bxe6 fxe6 21. Rc6 Ra8 22. Qa1 Rf8 23. d4 Nd7 24. d5 exd5 25. Qa2 Qf7 26. Qxd5 Qxd5 27. exd5 Nf6 28. Rd1 Nxd5 29. Rc4 Nf6 30. Be3 Rfe8 31. Kf1 Re7 32. Rc6 Ree8 33. Ke2 Ne4 34. Rd3 d5 35. Nh4 d4 36. Bc1 Rf8 37. f3 Nec3+ 38. Ke1 e4 39. Rxd4 Nxd4 40. Rxc3 exf3 41. Nxf3 Rae8+ 42. Kf1 Rb8 43. Kf2 Rxb4 44. Rxc7 Rb5 45. Bd2 Rb2 46. Ke3 Nb5 47. Re7 Rb3+ 48. Ke2 Rd8 49. Bf4 Nc3+ 50. Kf2 Nd5 51. Re4 Nxf4 52. Rxf4 Rb5 53. Ra4 Rdd5 54. Rc4 Rxa5 55. Rc8+ Kh7 56. g4 Ra2+ 57. Ke3 Ra3+ 58. Ke4 Rdd3 59. Nd4 Rxd4+ 60. Kxd4 Rxh3 61. Ke5 Rf3 62. Ra8 Rf6 63. Ra7 Kg6 64. Ke4 Rf7 65. Rxa6+ Kg5 0-1